Historical South-East Asian Cities - Statistics

General Stats
  • This quiz has been taken 65 times
  • The average score is 13 of 32
Answers on the Map
Answers color-coded by a green-red scale on the quiz's map according to % correct below.
 
Answer Stats
Answer % Correct
Yogyakarta (Mataram/Kotagede)
73%
Angkor
70%
Bagan
70%
Banda Aceh
68%
Malacca
68%
Huế
66%
Luang Prabang (Muang Sua)
64%
Johor Lama
55%
Ayutthaya
52%
Ternate
52%
Banten
48%
Pekanbaru
48%
Surakarta
48%
Bago (Hanthawaddy)
45%
Pattani
45%
Cirebon
41%
Banjarmasin
39%
Hoa Lư
34%
Trowulan (Wilwatikta)
34%
Sukhothai
32%
Tondo (Tundun)
32%
Alor Setar
30%
Champasak
30%
Koh Ker
25%
Phitsanulok
25%
Kampong Ayer
14%
Butuan
11%
Lamphun
11%
Lopburi
9%
Larantuka
7%
Thaton
7%
Beikthano
5%
No matching quizzes found
Score Distribution
Percent of People with Each Score
Percentile by Number Answered
Your Score History
You have not taken this quiz